| 000 | 00872nam a2200241 a 4500 | ||
|---|---|---|---|
| 008 | 071113s1997 ||||||||||||||||| || u | ||
| 020 | _a0821340069 | ||
| 050 | _aIBRD(06)DD/1997/7 | ||
| 100 | _aGlaessner, Thomas | ||
| 245 | 1 | 0 | _aAre financial sector weaknesses undermining the East Asian miracle? |
| 260 |
_aWashington, D.C.: _bWorld Bank _c1997 |
||
| 300 | _avi, 39p.: ill. | ||
| 350 | _a0.00 | ||
| 490 | _aDirections in development | ||
| 650 | 0 | _aFINANCE--DEVELOPING COUNTRIES | |
| 650 | _aEAST ASIA--ECONOMIC CONDITIONS | ||
| 650 | _aFINANCE--EAST ASIA | ||
| 650 | _aBANKS AND BANKING--EAST ASIA | ||
| 650 | _aSECURITIES--EAST ASIA | ||
| 700 | _aClaessens, Stijn | ||
| 710 | _aWorld Bank | ||
| 995 |
_D0.00 _FCBU-MAIN LIBRARY (Kitwe) _H1 _I0.00 _M1 _UAVAILABLE _WNov 13, 2007 _ZInternational Publications |
||
| 999 |
_c34817 _d34817 |
||